000 00707nam a2200181 4500
003 CO-ViMGA
020 _a9681867025
040 _aCO-ViMGA
_bspa
_cCO-ViMGA
082 0 4 _a657.46
_bC65c.
110 _aColegio de Bachilleres
_94344
245 1 0 _aIntroducción a los impuestos /
_cColegio de Bachilleres.
_bCompendio fascicular.
260 _aMéxico :
_bLimusa,
_c2005.
300 _a302 p. ;
_b17 cm.
504 _aBiografía consultada.
505 _aFasciculo 1. Disposiciones generales en materia de contribuciones Fasciculo 2. Ley del impuesto al valor agregado Fasciculo 3. Impuesto sobre la renta Fasciculo 4. Impuesto al activo Fasciculo 5. La nomina.
650 1 4 _aImpuestos
_94635
942 _2ddc
_cBK
999 _c35726
_d35726